[Event "Tourn. n10143"]
[Site "www.echecsemail.com"]
[Date "2019.05.22"]
[Round "1"]
[White "Fantomas"]
[Black "Bojan"]
[WhiteElo "2240"]
[BlackElo "2160"]
[Result "1-0"]
[Round "1"]
1.e4 e5
2.Ng1f3 d6
3.h3 a6
4.Bf1c4 h6
5.O-O Ng8f6
6.Rf1e1 Nf6h7
7.d4 Nb8c6
8.dxe5 Nc6a5
9.Bc4e2 Nh7g5
10.exd6 Ng5xf3
11.Be2xf3 Bf8xd6
12.e5 Bd6e7
13.Qd1xd8 Be7xd8
14.Nb1c3 Na5c6
15.Bc1f4 Nc6d4
16.Bf3e4 c6
17.Ra1d1 Nd4e6
18.Bf4g3 O-O
19.f4 Ne6c5
20.Be4f3 Bc8f5
21.Rd1d2 Bd8c7
22.Bg3f2 Nc5e6
23.g4 Bf5h7
24.Bf2e3 Ra8d8
25.Re1d1 Rf8e8
26.Nc3e4 Kf8
27.h4 Ke7
28.f5 Rd8xd2
29.Rd1xd2 b6
30.fxe6 Kxe6
31.Ne4c3 c5
32.Bf3c6 Re8e7
33.Nc3d5 Bc7xe5
34.Nd5xe7 Kxe7
35.c3 f5
36.gxf5 Bh7xf5
37.Bc6b7 a5
38.Kg2 Kf6
39.Bb7c6 Kg6
40.Bc6e8 Kf6
41.Be8c6 Bf5e6
42.a3 g5
43.Rd2f2 Kg6
44.hxg5 hxg5
45.Rf2f8 g4
46.Be3f4 Be5g7
47.Rf8b8 Kf5
48.Bf4g3 Bg7h6
49.Rb8xb6 Bh6c1
50.Rb6b5 { resign }
1-0

[Event "Tourn. n10079"]
[Site "www.echecsemail.com"]
[Date "2019.05.22"]
[Round "1"]
[White "Seger"]
[Black "Numanoid"]
[WhiteElo "2780"]
[BlackElo "2740"]
[Result "1-0"]
[Round "1"]
1.d4 d5
2.c4 dxc4
3.Ng1f3 Ng8f6
4.e3 Bc8g4
5.Bf1xc4 e6
6.Nb1c3 Nb8c6
7.O-O Bf8d6
8.h3 Bg4h5
9.Rf1e1 O-O
10.g4 Bh5g6
11.e4 e5
12.d5 Nc6e7
13.Bc1g5 Nf6d7
14.Ra1c1 h6
15.Bg5d2 a6
16.a4 Rf8e8
17.Nf3h4 Bg6h7
18.Nh4f5 Ne7g6
19.Qd1f3 Ng6f4
20.Bd2xf4 exf4
21.Nf5xd6 cxd6
22.Qf3xf4 Qd8b6
23.Rc1b1 Ra8c8
24.Bc4f1 Nd7c5
25.b4 Nc5d3
26.Bf1xd3 Rc8xc3
27.Bd3f1 Qb6d4
28.Qf4xd6 { resign }
1-0

[Event "Match"]
[Site "www.echecsemail.com"]
[Date "2019.05.22"]
[Round "1"]
[White "Tbsundar"]
[Black "Apdash"]
[WhiteElo "2210"]
[BlackElo "2060"]
[Result "1/2-1/2"]
[Round "1"]
1.d4 Ng8f6
2.c4 g6
3.Ng1f3 Bf8g7
4.Nb1d2 O-O
5.e3 d5
6.cxd5 Nf6xd5
7.Bf1e2 Bc8g4
8.O-O Nb8c6
9.a3 Rf8e8
10.h3 { draw }
1/2-1/2

[Event "Match"]
[Site "www.echecsemail.com"]
[Date "2019.05.22"]
[Round "1"]
[White "Coraza"]
[Black "Whitekknight"]
[WhiteElo "1730"]
[BlackElo "1880"]
[Result "1-0"]
[Round "1"]
1.e4 e5
2.Ng1f3 Nb8c6
3.Bf1b5 d6
4.Bb5xc6 bxc6
5.O-O Ng8f6
6.d4 exd4
7.Bc1g5 Bf8e7
8.Bg5xf6 Be7xf6
9.Rf1e1 c5
10.e5 dxe5
11.Nf3xe5 O-O
12.Ne5c6 Qd8d6
13.Qd1f3 Kh8
14.Nc6a5 Bc8e6
15.Na5b7 Qd6d5
16.Nb7a5 Qd5xf3
17.gxf3 d3
18.c3 c4
19.Nb1a3 Bf6g5
20.Na3xc4 Be6xc4
21.Na5xc4 Rf8d8
22.Ra1d1 g6
23.Nc4e5 Kg7
24.Ne5c6 Rd8d6
25.Nc6d4 c5
26.Nd4b5 Rd6b6
27.a4 c4
28.Nb5a3 Ra8c8
29.Re1e5 Bg5f6
30.Re5b5 Rc8c6
31.Rb5a5 a6
32.Rd1d2 Bf6g5
33.Ra5xg5 Rc6f6
34.Na3xc4 Rb6c6
35.Nc4e5 Rc6e6
36.Rd2xd3 h6
37.Rg5g3 Re6xe5
38.Kg2 Rf6b6
39.f4 Re5a5
40.b4 Ra5xa4
41.Rd3d7 Ra4a3
42.Rd7d4 Rb6c6
43.c4 Ra3a4
44.c5 Kf8
45.Rg3e3 Rc6c8
46.Re3e5 Rc8b8
47.Re5e4 f5
48.Re4e6 Kf7
49.Rd4d6 Rb8xb4
50.Re6f6 Ke7
51.Rf6xg6 Rb4xf4
52.Rg6g7 Kf8
53.Rg7h7 Rf4g4
54.Kf1 Ra4a1
55.Ke2 Rg4e4
56.Kf3 Ra1a3
57.Kg2 Re4g4
58.Kf1 { resign }
1-0

[Event "Tourn. n10104"]
[Site "www.echecsemail.com"]
[Date "2019.05.22"]
[Round "1"]
[White "Gdmayor"]
[Black "Hansen"]
[WhiteElo "1239"]
[BlackElo "1700"]
[Result "1-0"]
[Round "1"]
1.d4 e6
2.Ng1f3 Nb8c6
3.d5 exd5
4.Qd1xd5 d6
5.Nf3g5 Ng8h6
6.c3 Qd8e7
7.e4 Bc8e6
8.Qd5b5 Ra8b8
9.Qb5a4 b5
10.Bf1xb5 Kd8
11.Ng5xe6 Qe7xe6
12.Bb5xc6 Nh6g4
13.Bc6d7 Qe6e7
14.Bd7xg4 h5
15.Bg4f5 Rh8h6
16.Bc1xh6 gxh6
17.O-O Rb8b7
18.b4 Bf8g7
19.Qa4a6 c5
20.b5 Ke8
21.b6 Kf8
22.bxa7 Rb7xa7
23.Qa6c8 Qe7e8
24.Rf1d1 Bg7e5
25.Qc8xe8 Kxe8
26.a4 Ra7b7
27.Ra1a3 h4
28.h3 Rb7b2
29.Nb1d2 Be5f4
30.Nd2f1 c4
31.a5 Kd8
32.a6 Rb2b8
33.a7 Rb8a8
34.Rd1d4 Kc7
35.Rd4xc4 Kb6
36.Bf5d7 Bf4c1
37.Rc4c6 Kb5
38.Rc6c8 Kb6
39.Ra3b3 Kxa7
40.Rc8c7 Ka6
41.Rc7c6 Ka7
42.Rc6xd6 Ra8d8
43.e5 Bc1f4
44.Rb3b5 Bf4xe5
45.Rb5xe5 Kb7
46.Bd7c6 Kc7
47.Rd6xd8 Kxd8
48.Bc6e8 { resign }
1-0

[Event "Tourn. n10089"]
[Site "www.echecsemail.com"]
[Date "2019.05.22"]
[Round "1"]
[White "Ff333"]
[Black "Apdash"]
[WhiteElo "2000"]
[BlackElo "2140"]
[Result "0-1"]
[Round "1"]
1.e4 c5
2.Bf1c4 e6
3.Qd1f3 Nb8c6
4.Ng1h3 Nc6d4
5.Qf3d3 d5
6.exd5 exd5
7.Bc4b5 Bc8d7
8.Bb5xd7 Qd8xd7
9.O-O Ng8f6
10.Rf1e1 Bf8e7
11.b3 O-O
12.Bc1b2 Nd4e6
13.Nb1a3 a6
14.c4 d4
15.Na3c2 Rf8d8
16.Re1e2 Be7d6
17.Nc2e1 Nf6g4
18.g3 g6
19.f3 Ng4e5
20.Qd3e4 Ra8b8
21.Ne1d3 Ne5xd3
22.Qe4xd3 Ne6g7
23.Kg2 b5
24.Ra1e1 Rd8e8
25.Nh3f2 f5
26.Nf2h3 Ng7e6
27.a3 Re8e7
28.Qd3b1 bxc4
29.bxc4 h6
30.d3 Kf7
31.Qb1c2 g5
32.Nh3f2 Qd7b7
33.Nf2h3 g4
34.Re2f2 gxh3
35.Kxh3 Ne6g5
36.Kg2 Re7xe1
{ resign }
0-1

[Event "Tourn. n10127"]
[Site "www.echecsemail.com"]
[Date "2019.05.22"]
[Round "1"]
[White "Francesco"]
[Black "Sorim"]
[WhiteElo "2140"]
[BlackElo "2160"]
[Result "1-0"]
[Round "1"]
1.e4 e5
2.Nb1c3 Nb8c6
3.f4 exf4
4.Ng1f3 Bf8c5
5.d4 Bc5b4
6.Qd1d3 d5
7.Bc1xf4 Ng8f6
8.Bf4d2 dxe4
9.Nc3xe4 Bb4xd2
10.Ne4xd2 O-O
11.O-O-O Bc8e6
12.a3 Qd8d5
13.Qd3c4 Qd5d6
14.Qc4d3 b5
15.Nd2e4 Nf6xe4
16.Qd3xe4 Rf8e8
17.Bf1xb5 Be6d5
18.Qe4d3 Qd6f4
19.Qd3d2 Qf4d6
20.Rh1f1 a6
21.Bb5xc6 Qd6xc6
22.Nf3e5 Qc6b7
23.c4 Bd5xg2
24.Rf1xf7 Re8xe5
25.dxe5 Kxf7
26.Qd2d7 Kf8
27.e6 Ra8e8
28.Qd7f7 
1-0

[Event "Tourn. n10143"]
[Site "www.echecsemail.com"]
[Date "2019.05.23"]
[Round "1"]
[White "Apdash"]
[Black "Fantomas"]
[WhiteElo "2110"]
[BlackElo "2240"]
[Result "1-0"]
[Round "1"]
1.e4 c6
2.Ng1f3 d5
3.exd5 cxd5
4.d4 Ng8f6
5.c4 dxc4
6.Bf1xc4 e6
7.O-O Bf8e7
8.Nb1c3 O-O
9.Bc1g5 Bc8d7
10.Qd1b3 Bd7c6
11.Bg5xf6 Be7xf6
12.Ra1d1 Qd8a5
13.d5 exd5
14.Nc3xd5 Bf6d8
15.Nf3e5 Qa5c5
16.Rf1e1 Rf8e8
17.Ne5xf7 Kf8
18.Re1xe8 Kxe8
19.Nf7xd8 { resign }
1-0

[Event "Tourn. n10137"]
[Site "www.echecsemail.com"]
[Date "2019.05.23"]
[Round "1"]
[White "Bojan"]
[Black "Francesco"]
[WhiteElo "2150"]
[BlackElo "2170"]
[Result "0-1"]
[Round "1"]
1.e4 c6
2.d4 d5
3.Nb1c3 dxe4
4.Nc3xe4 Bc8f5
5.f3 e6
6.c3 Nb8d7
7.Bf1d3 Bf5g6
8.Ng1e2 Ng8f6
9.Ne2g3 Qd8c7
10.Ne4xf6 Nd7xf6
11.Bd3xg6 hxg6
12.Bc1e3 Qc7xg3
13.Be3f2 Qg3xg2
14.Ke2 Rh8xh2
15.Rh1f1 Nf6d5
16.Qd1d2 Rh2h3
17.Kd3 Qg2xf3
18.Kc2 Qf3e4
19.Kb3 a5
20.Ra1e1 a4
21.Kc4 Nd5b6
{ resign }
0-1

[Event "Tourn. n10137"]
[Site "www.echecsemail.com"]
[Date "2019.05.23"]
[Round "1"]
[White "Fantomas"]
[Black "Francesco"]
[WhiteElo "2230"]
[BlackElo "2170"]
[Result "1/2-1/2"]
[Round "1"]
1.e4 c6
2.d4 d5
3.e5 Bc8f5
4.Ng1f3 e6
5.Bf1e2 Nb8d7
6.O-O c5
7.c3 cxd4
8.cxd4 Ng8e7
9.Bc1g5 h6
10.Bg5d2 Ne7c6
11.a3 Bf8e7
12.Bd2c3 O-O
13.h3 a6
14.Nf3h2 Ra8c8
15.Be2d3 Bf5xd3
16.Qd1xd3 b5
17.Nb1d2 Nd7b6
18.b3 Qd8c7
19.Rf1c1 Qc7a7
20.f4 Be7h4
21.g3 Bh4e7
22.Nh2f3 Rc8c7
23.Bc3b2 Rf8c8
24.Kg2 Nc6d8
25.Rc1xc7 Rc8xc7
26.Ra1c1 Rc7xc1
27.Bb2xc1 Qa7c7
28.Bc1b2 Nd8c6
29.Qd3c3 Kf8
{ draw }
1/2-1/2

[Event "Tourn. n10123"]
[Site "www.echecsemail.com"]
[Date "2019.05.23"]
[Round "1"]
[White "Dussek"]
[Black "Iko"]
[WhiteElo "1930"]
[BlackElo "1820"]
[Result "1-0"]
[Round "1"]
1.e4 e5
2.Ng1f3 Ng8f6
3.Nf3xe5 Nf6xe4
4.Qd1f3 Ne4g5
5.Qf3d1 Qd8e7
6.d4 Qe7d6
7.Bc1xg5 f6
8.Qd1h5 g6
9.Ne5xg6 hxg6
10.Qh5xh8 fxg5
11.Bf1e2 Nb8c6
12.c3 Qd6f4
13.O-O Qf4e4
14.Be2f3 Qe4c2
15.Rf1e1 Nc6e7
16.Bf3e4 Qc2xb2
17.Be4xg6 Kd8
18.Qh8xf8 
1-0

[Event "Tourn. n10108"]
[Site "www.echecsemail.com"]
[Date "2019.05.23"]
[Round "1"]
[White "Cathar"]
[Black "Sociopath"]
[WhiteElo "2180"]
[BlackElo "2750"]
[Result "0-1"]
[Round "1"]
1.d4 Ng8f6
2.c4 g6
3.g3 Bf8g7
4.Bf1g2 d6
5.Nb1c3 O-O
6.Ng1f3 Nb8d7
7.O-O c6
8.e4 e5
9.h3 Rf8e8
10.Bc1e3 b6
11.Qd1c2 Bc8a6
12.b3 Ba6b7
13.Ra1d1 Qd8c7
14.Rf1e1 a6
15.Qc2d2 b5
16.dxe5 dxe5
17.c5 Nd7f8
18.b4 a5
19.a3 Ra8d8
20.Qd2c2 a4
21.Be3c1 Bb7c8
22.Bc1b2 Bc8e6
23.Rd1xd8 Re8xd8
24.Nc3b1 Nf6e8
25.Nb1d2 f6
26.Re1e3 Qc7d7
27.Kh2 Bg7h6
28.Re3e2 Qd7d3
29.Qc2xd3 Rd8xd3
30.Kg1 Ne8c7
31.Kf1 Be6a2
32.Ke1 Nf8e6
33.Kd1 Ba2b3
34.Ke1 Bb3c2
35.Bg2h1 Rd3d8
36.Bh1g2 Bc2d3
{ resign }
0-1

[Event "Match"]
[Site "www.echecsemail.com"]
[Date "2019.05.23"]
[Round "1"]
[White "Guidom"]
[Black "Kipik"]
[WhiteElo "2100"]
[BlackElo "2230"]
[Result "0-1"]
[Round "1"]
1.e4 c5
2.d4 cxd4
3.Qd1xd4 Ng8f6
4.e5 Nb8c6
5.Qd4c3 e6
6.a3 Nf6e4
7.Qc3d3 Qd8a5
8.c3 Qa5xe5
9.Ng1f3 Qe5f5
10.Bc1e3 d5
11.Bf1e2 Ne4d6
12.Nb1d2 Qf5xd3
13.Be2xd3 Bf8e7
14.O-O O-O
15.Rf1e1 Rf8e8
16.h3 Bc8d7
17.Nd2b3 b6
18.Ra1d1 e5
19.Bd3c2 Bd7e6
20.Nf3g5 Be7xg5
21.Be3xg5 f6
22.Bg5c1 g6
23.Nb3d2 Ra8c8
24.Bc2b1 Be6f5
25.Bb1xf5 Nd6xf5
26.Nd2b3 Rc8d8
27.f3 Kf7
28.Kf2 h5
29.g4 Nf5g7
30.Re1e2 hxg4
31.hxg4 Re8h8
32.Kg3 Ng7e6
33.Re2h2 Rh8xh2
34.Kxh2 f5
35.gxf5 gxf5
36.Kg2 f4
37.Kf2 Nc6e7
38.Rd1e1 Kf6
39.Re1h1 Ne7f5
40.Rh1h7 e4
41.Nb3d4 e3
42.Ke1 Ne6xd4
43.cxd4 Nf5xd4
44.Rh7xa7 Rd8h8
{ resign }
0-1

[Event "1/32 Finale"]
[Site "www.chess-mail.com"]
[Date "2019.05.23"]
[Round "1"]
[White "Guidom"]
[Black "Sorim"]
[WhiteElo "2120"]
[BlackElo "2130"]
[Result "0-1"]
[Round "1"]
1.e4 e5
2.Ng1f3 Nb8c6
3.Bf1b5 a6
4.Bb5a4 Ng8f6
5.d3 d6
6.O-O Bf8e7
7.Nb1c3 O-O
8.Bc1g5 h6
9.Bg5h4 Bc8e6
10.Bh4xf6 Be7xf6
11.Nc3d5 b5
12.Ba4b3 Be6g4
13.Nd5xf6 Qd8xf6
14.Bb3d5 Nc6d4
15.Nf3xd4 Bg4xd1
16.Bd5xa8 Bd1xc2
17.Nd4xc2 Rf8xa8
18.Nc2e3 c6
19.Ra1c1 Qf6e6
20.b3 Qe6d7
21.Rc1c3 a5
22.Rf1c1 Ra8a6
23.Ne3f5 Kh7
24.h3 g6
25.Nf5e3 Kg7
26.f3 Qd7a7
27.Kf2 f5
28.exf5 gxf5
29.Ke2 f4
30.Ne3f5 Kf6
31.Nf5xd6 Qa7e3
32.Kf1 c5
33.Nd6e4 Kf5
34.Rc1d1 Qe3d4
35.Rd1c1 b4
36.Rc3xc5 Qd4xd3
37.Kg1 Ra6g6
38.Rc5c6 Qd3xf3
39.Rc6f6 Kxe4
40.Rc1e1 Kd5
41.Rf6xg6 Qf3c3
42.Re1d1 Ke4
43.Rg6d6 Qc3e3
44.Kh2 Qe3g3
45.Kg1 f3
46.Rd6d2 fxg2
47.Rd2xg2 Qg3xh3
48.Rd1d2 Qh3e3
49.Kf1 Qe3f3
50.Rg2f2 Qf3h1
51.Ke2 h5
52.Rd2c2 Kd5
53.Ke3 Qh1e4
54.Kd2 h4
55.Rc2c4 Qe4g6
56.Ke3 Qg6g3
57.Ke2 h3
58.Rc4c2 h2
59.Rc2c1 Qg3g4
60.Kd3 Qg4e4
61.Kd2 h1Q
62.Rc1xh1 Qe4xh1
{ resign }
0-1

[Event "1/128 Finale"]
[Site "www.chess-mail.com"]
[Date "2019.05.23"]
[Round "1"]
[White "Leonger"]
[Black "Bojan"]
[WhiteElo "2140"]
[BlackElo "2130"]
[Result "1-0"]
[Round "1"]
1.e4 e5
2.Ng1f3 d6
3.d4 exd4
4.Nf3xd4 c5
5.Bf1b5 Bc8d7
6.Bb5xd7 Qd8xd7
7.Nd4f5 g6
8.Nf5e3 Bf8g7
9.Ne3c4 Nb8c6
10.Qd1xd6 b6
11.Qd6xd7 Kxd7
12.Nb1a3 Ng8f6
13.Bc1f4 Ra8d8
14.O-O-O Kc8
15.Nc4d6 Rd8xd6
16.Rd1xd6 Nc6d4
17.Bf4g5 Nf6xe4
18.Rd6xd4 Bg7xd4
19.Bg5h4 Ne4d6
20.Bh4g3 Kd7
21.Rh1d1 Ke6
22.Bg3xd6 Kxd6
23.c3 Ke5
24.cxd4 cxd4
25.Kd2 Kd5
26.Rd1c1 Kd6
27.Na3b5 Kd5
28.Nb5xa7 f5
29.Na7c6 Rh8a8
30.Nc6b4 Kd6
31.Rc1c6 Kd7
32.Rc6xb6 { resign }
1-0

[Event "Match"]
[Site "www.echecsemail.com"]
[Date "2019.05.24"]
[Round "1"]
[White "Babedad"]
[Black "Apdash"]
[WhiteElo "2200"]
[BlackElo "2140"]
[Result "1-0"]
[Round "1"]
1.b3 e5
2.Bc1b2 d6
3.e3 Ng8f6
4.c4 c5
5.Nb1c3 Nb8c6
6.g3 Bc8f5
7.d3 e4
8.dxe4 Nf6xe4
9.Nc3xe4 Bf5xe4
10.f3 Be4g6
11.Bf1g2 f6
12.Ng1e2 Bf8e7
13.O-O O-O
14.e4 Nc6e5
15.Ne2f4 Bg6f7
16.Nf4d5 Ra8b8
17.Qd1c2 Bf7xd5
18.cxd5 b5
19.Bg2h3 c4
20.Bb2xe5 cxb3
21.axb3 fxe5
22.Ra1xa7 Qd8b6
23.Qc2f2 Be7g5
24.Qf2xb6 Rb8xb6
25.Kg2 Bg5e3
26.Rf1a1 b4
27.Ra1a6 Rb6xa6
28.Ra7xa6 Be3c5
29.Bh3e6 Kh8
30.Ra6c6 g6
31.Rc6c8 Rf8xc8
32.Be6xc8 Kg7
33.f4 Kf6
34.f5 Bc5e3
35.Kf3 Be3d4
36.g4 g5
37.Ke2 Ke7
38.Kd3 Bd4c3
39.Kc4 Kd8
40.Bc8e6 Ke7
41.Kb5 h6
42.Kc6 Bc3d4
43.f6 Kxf6
44.Kxd6 Bd4c3
45.Be6f5 Kf7
46.Kc7 Bc3d4
47.d6 Bd4c5
48.d7 Bc5e7
49.d8Q Be7xd8
50.Kxd8 Kf6
51.Kd7 { resign }
1-0

[Event "Tourn. n10083"]
[Site "www.echecsemail.com"]
[Date "2019.05.24"]
[Round "1"]
[White "Hundegana"]
[Black "Fabos12"]
[WhiteElo "2000"]
[BlackElo "1910"]
[Result "1-0"]
[Round "1"]
1.e4 e5
2.Ng1f3 Nb8c6
3.Bf1c4 Ng8f6
4.Nf3g5 d5
5.exd5 Nf6xd5
6.Qd1f3 Qd8xg5
7.Bc4xd5 f5
8.Bd5xc6 Kd8
9.Qf3d3 Ke7
10.Bc6d5 e4
11.Qd3a3 Kf6
12.Qa3g3 Qg5xg3
13.hxg3 Bf8c5
14.a3 a5
15.b3 Ra8b8
16.Bc1b2 Kg6
17.d3 c6
18.Bd5xe4 fxe4
19.dxe4 Rh8f8
20.f3 b6
21.Nb1d2 Bc8a6
22.Ra1d1 Rb8d8
23.Nd2c4 Rd8xd1
24.Kxd1 Ba6xc4
25.bxc4 Rf8d8
26.Ke2 h6
27.a4 Bc5d4
28.c3 Bd4c5
29.g4 b5
30.cxb5 cxb5
31.axb5 Rd8b8
32.c4 a4
33.Rh1a1 { resign }
1-0

[Event "Match"]
[Site "www.echecsemail.com"]
[Date "2019.05.24"]
[Round "1"]
[White "Apdash"]
[Black "Geodad5"]
[WhiteElo "2160"]
[BlackElo "2150"]
[Result "1-0"]
[Round "1"]
1.e4 e5
2.Ng1f3 d6
3.d4 exd4
4.Nf3xd4 Ng8f6
5.Nb1c3 Bf8e7
6.Bf1c4 O-O
7.O-O Bc8d7
8.f4 Nb8c6
9.Nc3d5 Nf6xe4
10.Bc1e3 Ne4f6
11.Nd5xe7 Nc6xe7
12.Qd1e2 a6
13.a4 d5
14.Bc4b3 c5
15.Nd4f3 d4
16.Be3f2 Ne7c6
17.c3 dxc3
18.bxc3 b6
19.Ra1d1 Qd8c7
20.Bf2g3 Qc7b7
21.Rd1d6 Nc6a5
22.Bb3c2 Bd7g4
23.Qe2d3 c4
24.Qd3d4 Ra8b8
25.Nf3e5 Bg4e6
26.Rf1b1 b5
27.axb5 axb5
28.f5 Be6c8
29.h3 Rf8e8
30.Rd6d8 Qb7b6
31.Qd4xb6 Rb8xb6
32.Rd8xe8 Nf6xe8
33.Bg3f2 Rb6b8
34.Rb1a1 Na5b7
35.Ra1a7 Nb7d6
36.Ne5c6 Rb8b7
37.Nc6e7 Rb7xe7
38.Ra7xe7 Kf8
39.Re7a7 Bc8xf5
40.Bc2xf5 Nd6xf5
41.Bf2c5 Nf5d6
42.Ra7a8 Ke7
43.Ra8xe8 Kxe8
44.Bc5xd6 Kd7
45.Bd6b4 Ke6
46.Kf2 Ke5
47.Ke3 g6
48.g4 f5
49.gxf5 gxf5
50.Bb4a5 Kf6
51.Kf4 h6
52.h4 Ke6
53.h5 Kf6
54.Ba5d8 Ke6
55.Bd8h4 Kd5
56.Kxf5 b4
57.cxb4 c3
58.Bh4e1 c2
59.Be1d2 Kc4
60.Kg6 Kd3
61.Bd2c1 { resign }
1-0

[Event "Tourn. n10133"]
[Site "www.echecsemail.com"]
[Date "2019.05.24"]
[Round "1"]
[White "Bojan"]
[Black "Apdash"]
[WhiteElo "2130"]
[BlackElo "2140"]
[Result "0-1"]
[Round "1"]
1.e4 c5
2.e5 d5
3.c3 Bc8f5
4.Ng1f3 e6
5.d4 h6
6.Bf1b5 Nb8c6
7.Bc1e3 a6
8.Bb5xc6 bxc6
9.dxc5 Ng8e7
10.Nb1d2 Ne7g6
11.Nf3d4 Ng6xe5
12.Nd4xf5 exf5
13.Nd2f3 Ne5xf3
14.Qd1xf3 Qd8d7
15.O-O Bf8e7
16.Qf3g3 g5
17.Qg3e5 f6
18.Qe5d4 Ra8b8
19.b4 Kf7
20.Rf1e1 Rh8e8
21.h4 f4
22.Be3d2 f5
23.Ra1b1 Be7f6
24.Qd4d3 Re8e4
25.f3 Re4xe1
26.Rb1xe1 a5
27.hxg5 hxg5
28.Kf2 d4
29.Re1h1 Kg6
30.a3 Qd7g7
31.c4 axb4
32.axb4 Rb8a8
33.Qd3b3 Qg7d7
34.b5 d3
35.b6 Bf6d4
36.Kf1 Ra8a1
37.Bd2e1 Qd7e7
38.Qb3xd3 Qe7xe1
{ resign }
0-1

[Event "Tourn. n10133"]
[Site "www.echecsemail.com"]
[Date "2019.05.24"]
[Round "1"]
[White "Apdash"]
[Black "Luban"]
[WhiteElo "2140"]
[BlackElo "2190"]
[Result "1-0"]
[Round "1"]
1.e4 c5
2.Ng1f3 d6
3.d4 cxd4
4.Nf3xd4 Ng8f6
5.Nb1c3 a6
6.Bf1c4 e6
7.O-O b5
8.Bc4d3 Bc8b7
9.Bc1g5 Bf8e7
10.Qd1e2 Nb8d7
11.f4 Qd8b6
12.Qe2f2 Nf6g4
13.Qf2f3 Qb6xd4
14.Kh1 Be7xg5
15.Qf3xg4 Bg5f6
16.Ra1d1 Qd4b6
17.f5 Nd7e5
18.Qg4g3 Ra8d8
19.fxe6 Ne5xd3
20.exf7 Kxf7
21.Rd1xd3 Rh8e8
22.Qg3g5 Re8e5
23.Qg5h4 Kg8
24.Rf1xf6 Qb6c7
25.Qh4g4 Bb7xe4
26.Nc3xe4 Qc7xc2
27.Rf6xd6 Qc2b1
28.Rd3d1 { resign }
1-0

[Event "Tourn. n10046"]
[Site "www.echecsemail.com"]
[Date "2019.05.24"]
[Round "1"]
[White "Giampaolo"]
[Black "Ssharp"]
[WhiteElo "2510"]
[BlackElo "2300"]
[Result "1/2-1/2"]
[Round "1"]
1.d4 d5
2.c4 e6
3.Nb1c3 Ng8f6
4.cxd5 exd5
5.Bc1g5 Bf8e7
6.e3 Nb8d7
7.Qd1c2 h6
8.Bg5f4 c6
9.Bf1d3 O-O
10.Ng1e2 Rf8e8
11.O-O Nd7f8
12.Ra1b1 Be7d6
13.b4 Bd6xf4
14.Ne2xf4 Nf8e6
15.Nf4xe6 Bc8xe6
16.Rf1c1 a6
17.a4 b5
18.Nc3e2 Ra8c8
19.Ne2g3 Qd8d7
20.a5 g6
21.Rb1b3 Kg7
22.Rb3c3 Qd7d6
23.Rc3c5 Be6d7
24.h3 Nf6g8
25.Ng3e2 f5
26.Ne2f4 Ng8e7
27.Qc2d1 Re8f8
28.h4 Rf8f6
29.Qd1f3 Kf7
30.g3 Rc8g8
31.Kg2 Qd6b8
{ draw }
1/2-1/2

[Event "1/128 Finale"]
[Site "www.chess-mail.com"]
[Date "2019.05.24"]
[Round "1"]
[White "Mitja"]
[Black "Hennie4820"]
[WhiteElo "2040"]
[BlackElo "1980"]
[Result "1/2-1/2"]
[Round "1"]
1.d4 Ng8f6
2.e3 g6
3.c3 Bf8g7
4.h3 O-O
5.b3 d6
6.Bc1b2 e5
7.dxe5 dxe5
8.Qd1c1 Bc8f5
9.Ng1f3 Nb8c6
10.Bf1e2 Qd8d7
11.O-O Ra8d8
12.Rf1d1 Qd7c8
13.Nb1a3 a6
14.Rd1xd8 Rf8xd8
15.Qc1e1 e4
16.Nf3h2 Nf6d5
17.Ra1c1 Nc6e5
18.c4 Nd5b4
19.Rc1d1 a5
20.Rd1xd8 Qc8xd8
21.Bb2c3 c5
22.Bc3xb4 axb4
23.Na3c2 Ne5d3
24.Qe1b1 Qd8h4
25.Qb1f1 Bg7e5
26.Be2xd3 exd3
27.Nc2e1 Qh4h5
28.Ne1xd3 Bf5xd3
29.Qf1xd3 Qh5g5
30.Nh2f3 Qg5f6
31.Nf3xe5 Qf6xe5
32.Qd3d2 Qe5c7
{ draw }
1/2-1/2

[Event "1/16 Finale"]
[Site "www.chess-mail.com"]
[Date "2019.05.24"]
[Round "1"]
[White "Hennie4820"]
[Black "Szustan"]
[WhiteElo "2010"]
[BlackElo "2610"]
[Result "0-1"]
[Round "1"]
1.e4 e5
2.Ng1f3 Nb8c6
3.Bf1c4 Ng8f6
4.d4 exd4
5.e5 d5
6.Bc4b5 Nf6e4
7.Nf3xd4 Bf8c5
8.Bb5xc6 bxc6
9.O-O Bc8a6
10.Rf1e1 Ne4xf2
11.Kxf2 Qd8h4
12.Kg1 Bc5xd4
13.Kh1 Bd4f2
{ resign }
0-1

[Event "Match"]
[Site "www.echecsemail.com"]
[Date "2019.05.25"]
[Round "1"]
[White "Double2dutch"]
[Black "Whitekknight"]
[WhiteElo "1829"]
[BlackElo "1900"]
[Result "1-0"]
[Round "1"]
1.Ng1f3 Ng8f6
2.c4 c6
3.e3 e6
4.b3 b6
5.Bc1b2 Bf8e7
6.Bf1e2 O-O
7.d3 Bc8b7
8.O-O Qd8c7
9.Nb1d2 d6
10.Qd1c2 e5
11.Ra1c1 c5
12.d4 exd4
13.exd4 Rf8e8
14.d5 b5
15.Nf3g5 g6
16.f4 Nb8d7
17.Nd2e4 b4
18.Bb2a1 Qc7d8
19.Qc2b2 Kg7
20.Be2g4 Kg8
21.Bg4xd7 { resign }
1-0

[Event "Tourn. n10119"]
[Site "www.echecsemail.com"]
[Date "2019.05.25"]
[Round "1"]
[White "Scasan55"]
[Black "Bira47"]
[WhiteElo "1960"]
[BlackElo "1960"]
[Result "0-1"]
[Round "1"]
1.e4 c5
2.Ng1f3 e6
3.d4 cxd4
4.Nf3xd4 a6
5.a3 b5
6.b4 Bc8b7
7.Bf1d3 Nb8c6
8.Nd4xc6 Bb7xc6
9.O-O h6
10.Nb1d2 Ng8f6
11.Nd2f3 d6
12.Rf1e1 Bf8e7
13.Bc1b2 O-O
14.Ra1c1 d5
15.e5 Nf6e4
16.Nf3d4 Bc6b7
17.Bd3xe4 dxe4
18.c4 Be7g5
19.Rc1c2 Ra8c8
20.c5 Bb7d5
21.Bb2c1 Bg5xc1
22.Rc2xc1 f5
23.Re1e3 f4
24.Re3c3 Qd8g5
25.c6 f3
26.g3 Qg5g4
27.Qd1f1 Bd5c4
28.h3 Qg4g6
29.Qf1e1 h5
30.Qe1e3 h4
31.g4 Rf8f7
32.Nd4b3 Rc8xc6
33.Nb3d2 Rf7c7
34.Nd2xe4 Bc4d5
35.Rc3xc6 Rc7xc6
36.Rc1xc6 Bd5xc6
37.Ne4c5 Qg6b1
38.Kh2 Qb1f1
{ resign }
0-1

[Event "Tourn. n10119"]
[Site "www.echecsemail.com"]
[Date "2019.05.25"]
[Round "1"]
[White "Bira47"]
[Black "Bojan"]
[WhiteElo "1960"]
[BlackElo "2030"]
[Result "0-1"]
[Round "1"]
1.b3 d5
2.Bc1b2 f6
3.e3 e5
4.a3 Bc8d7
5.d4 Nb8c6
6.dxe5 Nc6xe5
7.Ng1f3 Ne5xf3
8.Qd1xf3 Bd7c6
9.Qf3d1 Bf8d6
10.Nb1d2 Ng8e7
11.Nd2f3 Qd8d7
12.Bf1e2 Ne7g6
13.Nf3d4 b6
14.Nd4xc6 Qd7xc6
15.O-O O-O-O
16.Be2g4 Kb8
17.Ra1c1 Ng6e5
18.Bg4f3 Bd6c5
19.Bb2xe5 fxe5
20.b4 Bc5e7
21.c4 Qc6g6
22.c5 Rh8f8
23.cxb6 axb6
24.Qd1a4 Rf8xf3
25.Rc1c6 Rf3f6
26.Rf1c1 Rf6xc6
27.Qa4xc6 Qg6xc6
28.Rc1xc6 d4
29.Kf1 Kb7
30.Rc6c2 d3
31.Rc2d2 e4
32.f3 exf3
33.gxf3 Ka6
34.f4 Kb5
35.Ke1 Ka4
36.e4 Be7h4
37.Kd1 Kxa3
38.b5 Ka4
39.Rd2b2 Rd8d4
40.e5 Rd4xf4
41.Rb2g2 g6
42.Rg2b2 Rf4e4
43.Rb2a2 Kxb5
44.Ra2a7 c5
45.Ra7xh7 g5
46.Rh7d7 Kc4
47.Rd7a7 b5
48.Ra7a2 b4
49.Ra2a4 Kc3
{ resign }
0-1

[Event "Tourn. n10115"]
[Site "www.echecsemail.com"]
[Date "2019.05.25"]
[Round "1"]
[White "Bojan"]
[Black "Llord"]
[WhiteElo "2040"]
[BlackElo "2010"]
[Result "1-0"]
[Round "1"]
1.e4 e6
2.d4 g6
3.f4 Bf8g7
4.c3 Ng8f6
5.e5 Nf6d5
6.g3 O-O
7.Ng1f3 d6
8.a3 Nb8c6
9.Qd1c2 Bc8d7
10.Bf1g2 Bg7h6
11.Qc2e2 Nc6e7
12.c4 Nd5b6
13.b3 dxe5
14.dxe5 Ne7f5
15.Nb1c3 a6
16.g4 Nf5h4
17.Nf3xh4 Qd8xh4
18.Kd1 Qh4e7
19.Bg2xb7 Ra8a7
20.Bb7e4 f5
21.gxf5 exf5
22.Be4f3 Qe7h4
23.Nc3d5 Nb6xd5
24.Bf3xd5 Kh8
25.Bc1e3 c5
26.Be3xc5 Ra7c7
27.Bc5xf8 Bh6xf8
28.Qe2e3 Qh4g4
29.Kc2 Qg4g2
30.Bd5xg2 { resign }
1-0

[Event "Tourn. n10079"]
[Site "www.echecsemail.com"]
[Date "2019.05.25"]
[Round "1"]
[White "Jose"]
[Black "Nevaeh"]
[WhiteElo "2820"]
[BlackElo "2780"]
[Result "1/2-1/2"]
[Round "1"]
1.Ng1f3 Ng8f6
2.d4 d5
3.Bc1f4 c5
4.e3 Nb8c6
5.Nb1d2 Qd8b6
6.dxc5 Qb6xb2
7.Ra1b1 Qb2c3
8.Bf1b5 e6
9.O-O Bf8e7
10.Nf3e5 Qc3xc5
11.c4 O-O
12.Nd2b3 Qc5a3
13.Ne5xc6 bxc6
14.Bb5xc6 Bc8a6
15.Bc6xa8 Rf8xa8
16.Bf4e5 dxc4
17.Nb3d4 Nf6d7
18.Nd4c2 Qa3d3
19.Be5d4 e5
20.Bd4c3 Ra8c8
21.a3 Nd7b8
22.Bc3xe5 Nb8c6
23.Be5d4 c3
24.Rf1e1 Nc6xd4
25.exd4 Be7g5
26.Re1e5 Qd3d2
27.Qd1e1 g6
28.Rb1d1 Qd2xc2
29.Re5xg5 f5
30.Rg5g3 Ba6e2
31.Rd1c1 Qc2d2
32.Rg3e3 Qd2xe1
33.Rc1xe1 c2
34.Re1c1 { draw }
1/2-1/2

[Event "Tourn. n10131"]
[Site "www.echecsemail.com"]
[Date "2019.05.25"]
[Round "1"]
[White "Bojan"]
[Black "Mitja"]
[WhiteElo "2140"]
[BlackElo "2030"]
[Result "0-1"]
[Round "1"]
1.d4 d5
2.Nb1d2 e6
3.a3 c6
4.Ng1f3 h6
5.e4 dxe4
6.Nd2xe4 Ng8f6
7.Bf1d3 b6
8.Nf3e5 Bc8b7
9.Qd1f3 Nb8d7
10.Ne4xf6 Nd7xf6
11.Bc1e3 Qd8c7
12.Qf3g3 Nf6d7
13.Be3f4 Qc7c8
14.O-O Nd7f6
15.Rf1e1 Qc8d8
16.Ra1d1 Nf6h5
17.Qg3f3 Nh5xf4
18.Qf3xf4 Qd8e7
19.Ne5g4 Qe7d6
20.Ng4e5 Qd6e7
21.Bd3e4 Ra8c8
22.Qf4f3 Qe7f6
23.Qf3c3 g6
24.a4 Bf8g7
25.Qc3a3 Bg7f8
26.b4 Bf8e7
27.Rd1d3 Rc8c7
28.Qa3b3 O-O
29.Rd3h3 h5
30.Qb3g3 Qf6g5
31.Qg3b3 Rf8d8
32.c3 Be7f6
33.Ne5f3 Qg5h6
34.Re1d1 Qh6g7
35.Kf1 Bb7a6
36.b5 cxb5
37.axb5 Ba6c8
38.Rh3g3 h4
39.Rg3h3 e5
40.dxe5 Rd8xd1
41.Qb3xd1 Bf6e7
42.Rh3xh4 Be7xh4
43.Nf3xh4 Qg7xe5
44.Nh4f3 Qe5xb5
45.Kg1 Rc7d7
46.Qd1e1 Rd7c7
47.h4 a5
48.Qe1d2 Rc7d7
49.Nf3d4 Qb5e5
50.Be4c6 Rd7d6
51.Bc6a4 Bc8b7
52.Qd2d1 Qe5e4
53.f3 Qe4e3
54.Kh2 Qe3xc3
55.Qd1b3 Qc3xd4
56.Ba4e8 Qd4f4
57.Kh3 Bb7c8
58.g4 Bc8d7
59.Be8xd7 Rd6xd7
60.Qb3c3 Qf4d4
61.Qc3b3 Qd4d3
62.Qb3xb6 Qd3xf3
{ resign }
0-1